Normal view
MARC view
- Qazi,Dr.Ishtiaq A.
Entry Personal Name
001 - CONTROL NUMBER
- control field: 195
003 - CONTROL NUMBER IDENTIFIER
- control field: NUST
005 - DATE AND TIME OF LATEST TRANSACTION
- control field: 20170509133238.0
008 - FIXED-LENGTH DATA ELEMENTS
- fixed length control field: 170509|| aca||aabn | a|a d
040 ## - CATALOGING SOURCE
- Original cataloging agency: NUST
- Transcribing agency: NUST
100 ## - HEADING--PERSONAL NAME
- Personal name: Qazi,Dr.Ishtiaq A.
670 ## - SOURCE DATA FOUND
- Source citation: Work cat.: (NUST): Qazi,Dr.Ishtiaq A., Chemistry For Environmental Engineers , 2010
